| 000 | 00855nam a2200217Ia 4500 | ||
|---|---|---|---|
| 001 | 11445 | ||
| 003 | GE_BSU | ||
| 008 | 181216s||||||||xx |||||||||||||| ||und|| | ||
| 040 | _cGE_BSU | ||
| 080 | _a634.575 | ||
| 100 | _aსანიკიძე,ჯულიეტა. | ||
| 245 | _aსუბტროპიკულ მცენარეთა გენეტიკა. | ||
| 245 | _bლაბორატორიული მეცადინეობების სახელმძღვანელო. | ||
| 245 | _cრედ:ა.მიქელაძე. | ||
| 260 | _aქუთაისი. | ||
| 260 | _bშპს ქუთაისის №6 სტამბა. | ||
| 260 | _c2001. | ||
| 300 | _a138გვ;20სმ. | ||
| 653 | _aსუბტროპიკულ მცენარეთა გენეტიკა. | ||
| 942 | _cBK | ||
| 999 |
_c44642 _d44642 |
||